LEADER 01522nam a2200313 u 4500 001 000000113038 003 CaOOAMICUS 005 20081023115543.0 008 080730s2008 it u000 u ita u 020 $z978-88-7402-354-7 (v. 1)* 020 $z978-88-7402-22-3 (v. 2)* 040 $aPUL$bita$dLDB 245 00$aDalla parte della vita :$bitinerari di bioetica /$ca cura di Enrico Larghero, Giuseppe Zeppegno. 260 $aCantalupa (To) :$bEffatą,$cc2008. 300 $av. ;$c24 cm. 490 1 $aStudia taurinensia. Michele pellegrino ;$v1-2 504 $aContiene riferimenti bibliografici 650 04$aBioetica.$0(OLS)http://pul/subject/2868 700 1 $aZeppegno, Giuseppe.$0(OLS)http://pul/name/68197 700 1 $aLarghero, Enrico.$0(OLS)http://pul/name/69680 830 0$aStudia taurinensia. Michele pellegrino ;$v1-2.$0(OLS)http://pul/title/132727 850 $aPUL 852 $aPUL$W1$xSL Filosofia 3$y81$m174 LAREN 1.2$j129194$av. 2$qDDC 21$B128279$CPULBib$Z2$F128279 $H108084 $82 852 $aPUL$W1$xSL Filosofia 3$y81$m174 LAREN 1.1$j129821$av. 1$qDDC 21$B128884$CPULBib$Z2$F128884 $H108084 $82 941 1 $a9 996 $6020$z978-88-7402-354-7 (v. 1)*$9(OLS)http://pul/number/138951 996 $6020$z978-88-7402-22-3 (v. 2)*$9(OLS)http://pul/number/138603 996 $6245$aDalla parte della vita :$bitinerari di bioetica$9(OLS)http://pul/title/142051 996 $6260$aCantalupa (To) :$bEffatą$9(OLS)http://pul/publisher/68547 LEADER 01411nam a2200337 a 4500 001 000000125535 003 CaOOAMICUS 005 20110601102944.0 008 110601s2011 it 000 u ita r 040 $aPUL$bita 041 1 $aita$heng 082 04$a200.3 100 1 $aBouwsma, William J.,$d1923-$0(OLS)http://pul/name/60918 240 10$aJohn Calvin.$lItaliano.$0(OLS)http://pul/title/158302 245 10$aGiovanni Calvino /$cWilliam J. Bouwsma. 260 $aMilano :$bIl Sole 24 ore,$c©2011$aRoma ; Bari :$bEditori Laterza 300 $aVIII, 444 p. ;$c22 cm 490 1 $aLe grandi Religioni ;$v10 500 $aEd. speciale per Il Sole 24 Ore. 504 $aContiene riferimenti bibliografici ed indici. 600 14$aCalvin, Jean,$d1509-1564.$0(OLS)http://pul/subject/1152 830 0$aGrandi Religioni (Sole 24 ore) ;$v10.$0(OLS)http://pul/title/157326 850 $aPUL 852 $aPUL$W1$xSL Religione 3$y85$m200. 3 COLL 2.10$j144601$qDDC 21$B143622$CPULBib$Z2$F143622 $H117380 $82 941 1 $a9 960 $aCalvino, Giovanni,$d1509-1564$91152 996 $6082$a200.3$9(OLS)http://pul/classification/1704 996 $6245$aGiovanni Calvino$9(OLS)http://pul/title/158303 996 $6260$aMilano :$bIl Sole 24 ore$9(OLS)http://pul/publisher/69212 996 $6260$aRoma ; Bari :$bEditori Laterza$9(OLS)http://pul/publisher/61082